[Event "36th Olympiad w"]
[Site "Calvia ESP"]
[Date "2004.10.28"]
[Round "13"]
[White "Hamid,R"]
[Black "Hernandez,Ya"]
[Result "1-0"]
[WhiteElo "2164"]
[BlackElo "2248"]
[EventDate "2004.10.15"]

1. e4 c5 2. Nf3 Nf6 3. Nc3 Nc6 4. d4 cxd4 5. Nxd4 d6 6. Be2 e6 7. Be3 Be7
8. O-O a6 9. f4 Qc7 10. Kh1 Bd7 11. Nb3 b5 12. Bf3 Rc8 13. Qe1 O-O 14. Qg3
Nb4 15. e5 Ne8 16. Nd4 g6 17. a3 Nc6 18. Bxc6 Bxc6 19. f5 dxe5 20. fxg6
hxg6 21. Nxc6 Qxc6 22. Bh6 Ng7 23. Qxe5 f6 24. Qe2 Kh7 25. Be3 Nf5 26. Rf3
Kg7 27. Bf2 Rh8 28. Rd1 Rcd8 29. Rfd3 Qc7 30. h3 e5 31. Nd5 Qc8 32. g4 Bc5
33. gxf5 Bxf2 34. Qxf2 Qc6 35. Qg2 g5 36. Nf4 Qxg2+ 37. Kxg2 Rxd3 38. Ne6+
Kf7 39. Rxd3 1-0

[Event "36th Olympiad w"]
[Site "Calvia ESP"]
[Date "2004.10.28"]
[Round "13"]
[White "Garcia Garcia,E"]
[Black "Parveen,S"]
[Result "1/2-1/2"]
[WhiteElo "2051"]
[BlackElo "2139"]
[EventDate "2004.10.15"]

1. e4 e5 2. Nf3 Nf6 3. Nxe5 d6 4. Nf3 Nxe4 5. Qe2 Qe7 6. d3 Nf6 7. Bg5
Qxe2+ 8. Bxe2 Be7 9. Nc3 Bd7 10. Ne4 Nxe4 1/2-1/2

[Event "36th Olympiad w"]
[Site "Calvia ESP"]
[Date "2004.10.28"]
[Round "13"]
[White "Sultana,Z2"]
[Black "Guerrero Rodriguez,Alej"]
[Result "0-1"]
[WhiteElo "2056"]
[BlackElo "2102"]
[EventDate "2004.10.15"]

1. d4 g6 2. Nf3 Bg7 3. g3 Nf6 4. Bg2 O-O 5. O-O d6 6. c4 Nbd7 7. Nc3 e5 8.
e4 c6 9. dxe5 dxe5 10. Qc2 Qe7 11. h3 Nc5 12. Be3 Nh5 13. b4 Ne6 14. c5 Nd4
15. Qd1 Rd8 16. Nd2 Be6 17. Kh2 Rd7 18. Qc1 Rad8 19. Nf3 Bc4 20. Re1 Bd3
21. Rd1 Be2 22. Nxe2 Nxf3+ 23. Bxf3 Rxd1 24. Qb2 Rxa1 25. Qxa1 Nf6 26. Qc1
Qd7 27. Nc3 h5 28. a4 a6 29. Be2 Ne8 30. b5 axb5 31. axb5 Nc7 32. bxc6 bxc6
33. Na4 Ne6 34. Nb6 Qe7 35. Bc4 Nd4 36. Kg2 Qf6 37. f4 Bh6 38. Qf1 Nc2 39.
Bc1 exf4 40. gxf4 Qd4 41. Qe2 Qd1 42. Bxf7+ Kxf7 43. Qc4+ Kf8 44. Qe6 Qe2+
0-1

[Event "36th Olympiad w"]
[Site "Calvia ESP"]
[Date "2004.10.28"]
[Round "13"]
[White "Borda,C"]
[Black "Munoz,Do"]
[Result "0-1"]
[WhiteElo "2088"]
[BlackElo "1979"]
[EventDate "2004.10.15"]

1. e4 e5 2. Nf3 Nc6 3. Bc4 Be7 4. d4 exd4 5. Nxd4 Nf6 6. Nxc6 dxc6 7. Qxd8+
Bxd8 8. f3 O-O 9. O-O Be7 10. Be3 Rd8 11. Nd2 Nd7 12. Rfd1 Nb6 13. Bb3 Bf6
14. c3 Be6 15. Bxe6 fxe6 16. Bxb6 axb6 17. Kf2 b5 18. f4 b4 19. e5 Be7 20.
c4 g5 21. g3 gxf4 22. gxf4 Rd4 23. Kf3 Kf7 24. Ne4 Rxd1 25. Rxd1 Rxa2 26.
Rd2 Ke8 27. Kg3 Ra1 28. b3 Re1 29. Kf3 Rb1 30. Rd3 Rb2 31. h3 Rh2 32. Kg4
b5 33. cxb5 cxb5 34. Rd2 h5+ 35. Kg3 Rh1 36. Rd3 c5 37. Nd6+ Bxd6 38. Rxd6
Ke7 39. Rc6 Rc1 40. Kh4 Rc3 41. Kxh5 Rxh3+ 42. Kg4 Rc3 43. Kg5 Kd7 44. Rd6+
Ke7 45. Rc6 c4 46. bxc4 bxc4 47. Rc7+ Kd8 48. Rb7 b3 49. Kf6 Rc2 50. Kxe6
b2 51. f5 c3 52. f6 Rf2 53. Kd6 Kc8 54. f7 Kxb7 55. Ke7 b1=Q 0-1

[Event "36th Olympiad w"]
[Site "Calvia ESP"]
[Date "2004.10.28"]
[Round "13"]
[White "Valickova,M"]
[Black "Nakagawa,E"]
[Result "1-0"]
[WhiteElo "2076"]
[BlackElo "1949"]
[EventDate "2004.10.15"]

1. e4 c6 2. d4 d5 3. Nd2 dxe4 4. Nxe4 Nd7 5. Bc4 Ngf6 6. Ng5 e6 7. Ne2 Bd6
8. O-O Nb6 9. Bd3 O-O 10. Ng3 Qc7 11. Nh5 Nbd7 12. Nxh7 Nxh7 13. Qg4 Bxh2+
14. Kh1 Be5 15. dxe5 Qxe5 16. Bf4 Qxb2 17. Rab1 Qd4 18. Rb4 Qc3 19. Bd2 f5
20. Qg6 Qe5 21. f4 1-0

[Event "36th Olympiad w"]
[Site "Calvia ESP"]
[Date "2004.10.28"]
[Round "13"]
[White "Stolarczyk,An"]
[Black "Van der Merwe,C"]
[Result "0-1"]
[WhiteElo "2006"]
[BlackElo "2059"]
[EventDate "2004.10.15"]

1. d4 Nf6 2. c4 c5 3. d5 b5 4. cxb5 a6 5. Nc3 axb5 6. Nxb5 g6 7. g3 d6 8.
Bg2 Bg7 9. e4 Nbd7 10. Ne2 Ba6 11. Nbc3 O-O 12. O-O Ne5 13. Qc2 Qa5 14. Bd2
Rfb8 15. b3 Bd3 16. Qc1 Qa6 17. Re1 Ne8 18. Bh6 Bh8 19. Qd2 Ng4 20. Bg5
Bxe2 21. Nxe2 Bxa1 22. Rxa1 f6 23. Bf4 Rxb3 24. Bh3 Ne5 25. Bxe5 fxe5 26.
f4 Qd3 27. Qxd3 Rxd3 28. fxe5 Re3 29. Kf2 Rxe4 30. exd6 exd6 31. Nf4 Rea4
32. Bd7 Rxa2+ 33. Rxa2 Rxa2+ 34. Kf3 Nc7 35. h4 Kf7 36. g4 c4 37. Ke4 c3
38. Be6+ Nxe6 39. dxe6+ Ke7 40. Nd5+ Kxe6 41. Nxc3 Rh2 42. h5 gxh5 43. gxh5
Rxh5 44. Ne2 Re5+ 0-1

[Event "36th Olympiad w"]
[Site "Calvia ESP"]
[Date "2004.10.29"]
[Round "14"]
[White "Zhao Xue"]
[Black "Pokorna,Reg"]
[Result "1-0"]
[WhiteElo "2487"]
[BlackElo "2370"]
[EventDate "2004.10.15"]

1. d4 Nf6 2. c4 e6 3. Nf3 d5 4. Nc3 Be7 5. Bg5 h6 6. Bh4 O-O 7. e3 b6 8.
cxd5 exd5 9. Bd3 Bb7 10. O-O Ne4 11. Bxe7 Qxe7 12. Rc1 c5 13. b3 Nd7 14.
Qe2 Ndf6 15. Rc2 Rac8 16. Rfc1 Rfd8 17. h3 cxd4 18. Nxd4 Nxc3 19. Rxc3 Rxc3
20. Rxc3 Rc8 21. Rxc8+ Bxc8 22. Qc2 Qc5 23. Nc6 Qxc2 24. Bxc2 Bd7 25. Nxa7
Kf8 26. Bd3 Ne4 27. f3 Nc3 28. a3 Nd1 29. e4 Nb2 30. Bb5 Bxb5 31. Nxb5 dxe4
32. fxe4 Nd3 33. Nc3 Nc1 34. b4 Nb3 35. a4 Nd4 36. b5 Ke7 37. Nd5+ Kd6 38.
Nxb6 Kc5 39. Nd5 f5 40. b6 fxe4 41. b7 Nc6 42. Ne7 Nb8 43. Kf2 1-0

[Event "36th Olympiad w"]
[Site "Calvia ESP"]
[Date "2004.10.29"]
[Round "14"]
[White "Hagarova,Z"]
[Black "Huang Qian"]
[Result "1/2-1/2"]
[WhiteElo "2351"]
[BlackElo "2371"]
[EventDate "2004.10.15"]

1. e4 c5 2. Nf3 d6 3. d4 cxd4 4. Nxd4 Nf6 5. Nc3 a6 6. Bg5 e6 7. Qd3 Be7 8.
O-O-O h6 9. Bh4 Nbd7 10. f4 g5 11. fxg5 Ne5 12. Qd2 Nfd7 13. Nf3 Nxf3 14.
gxf3 hxg5 15. Bg3 Ne5 16. Qd4 f6 17. Be2 Qc7 18. h4 gxh4 19. Rxh4 Rxh4 20.
Bxh4 Qc5 21. Qd2 Bd7 22. Qh6 Nf7 23. Qg6 Qe3+ 24. Kb1 Qh6 25. Qg8+ Bf8 26.
Bg3 Qg5 27. Qxg5 fxg5 28. f4 gxf4 29. Bxf4 O-O-O 30. Bh5 Be8 31. Bg4 Bd7
32. Bh5 Be8 33. Bg4 Bd7 34. Bh5 Be8 1/2-1/2

[Event "36th Olympiad w"]
[Site "Calvia ESP"]
[Date "2004.10.29"]
[Round "14"]
[White "Skripchenko,A"]
[Black "Kosintseva,T"]
[Result "1-0"]
[WhiteElo "2474"]
[BlackElo "2493"]
[EventDate "2004.10.15"]

1. e4 c5 2. Nf3 e6 3. d4 cxd4 4. Nxd4 a6 5. Be2 Nf6 6. Nc3 Qc7 7. O-O Nc6
8. Kh1 b5 9. Nxc6 dxc6 10. f4 Bb7 11. e5 Rd8 12. Qe1 Nd5 13. Nxd5 cxd5 14.
Bd3 g6 15. Bd2 Qc6 16. Qg3 Be7 17. a3 d4 18. Ba5 Rd7 19. Rf2 Qc8 20. Rd1
Bd5 21. Rfd2 f5 22. exf6 Bxf6 23. Re2 Kf7 24. Rde1 Qc6 25. Qh3 Re7 26. Bb4
Ree8 27. Ba5 Bc4 28. Be4 Qd6 29. Rf2 Bd5 30. Bb4 Qd8 31. Bxd5 Qxd5 32. Rfe2
h5 33. Qd3 Rhg8 34. b3 Qc6 35. Kg1 Qc7 36. Bd2 Qc6 37. Bc1 Re7 38. Bb2 Rd8
39. Re4 Qc5 40. g3 a5 41. a4 bxa4 42. bxa4 Qc6 43. Bxd4 Rxd4 44. Rxd4 Bxd4+
45. Qxd4 Qxc2 46. Qe4 Qc5+ 47. Kg2 Qb4 48. Re2 Qb3 49. Qc6 Qd3 50. Re5 Qd2+
51. Kh3 Qd1 52. Rg5 Qf1+ 53. Kh4 Qe2 54. h3 Re8 55. Rxa5 Qb2 56. Qc7+ Re7
57. Qe5 Qb7 58. Rb5 Qd7 59. Kg5 Kg8 60. Rb8+ Re8 61. Rxe8+ Qxe8 62. Qf6 Kh7
63. g4 h4 64. a5 Qb5+ 65. Kxh4 Qxa5 66. Qf7+ Kh8 67. Qxg6 Qd8+ 68. g5 Qb6
69. Qe8+ Kg7 70. Qe7+ Kg8 71. Kh5 Qe3 72. Qe8+ Kg7 73. Qg6+ Kh8 74. Qf6+
Kg8 75. h4 Qa7 76. g6 Qc5+ 77. Kh6 1-0

[Event "36th Olympiad w"]
[Site "Calvia ESP"]
[Date "2004.10.29"]
[Round "14"]
[White "Polgar,Z"]
[Black "Nguyen Thi Thanh An"]
[Result "1-0"]
[WhiteElo "2567"]
[BlackElo "2345"]
[EventDate "2004.10.15"]

1. d4 Nf6 2. Nf3 g6 3. c4 Bg7 4. g3 O-O 5. Bg2 d6 6. O-O c5 7. Nc3 Nc6 8.
dxc5 dxc5 9. Be3 Qa5 10. Qb3 Ng4 11. Bf4 Qb4 12. h3 Nf6 13. Qxb4 cxb4 14.
Na4 Na5 15. Rac1 Bd7 16. Nc5 Rac8 17. Nxd7 Nxd7 18. b3 Nc5 19. Be3 Ne4 20.
Bxa7 Nc3 21. Rc2 Nc6 22. Bc5 Ra8 23. Ne1 Nd4 24. Bxd4 Bxd4 25. Bxb7 Ra7 26.
Bf3 Nxa2 27. c5 Nc3 28. Nd3 Rb8 29. e3 Bf6 30. c6 e6 31. Nc5 Rc8 32. Ne4
Nxe4 33. Bxe4 Bc3 34. Rcc1 Kf8 35. Rfd1 Ke7 36. h4 h5 37. Rd3 Rd8 38. Rxd8
Kxd8 39. Rd1+ Ke7 40. Kg2 Rc7 41. Bf3 Ke8 42. Be2 Ke7 43. Bb5 Be5 44. f4
Bc3 45. Kf3 Ra7 46. Ke4 Kf6 47. Kd3 Kf5 48. Kc4 Kg4 49. Kc5 Kxg3 50. Kb6
Ra8 51. c7 Bf6 52. Kb7 Rf8 53. c8=Q Rxc8 54. Kxc8 1-0

[Event "36th Olympiad w"]
[Site "Calvia ESP"]
[Date "2004.10.29"]
[Round "14"]
[White "Le Kieu Thien Kim"]
[Black "Krush,I"]
[Result "1/2-1/2"]
[WhiteElo "2329"]
[BlackElo "2464"]
[EventDate "2004.10.15"]

1. d4 Nf6 2. Nf3 e6 3. e3 c5 4. Bd3 b6 5. b3 Bb7 6. Bb2 Nc6 7. a3 Be7 8.
Nbd2 O-O 9. O-O Rc8 10. Qe2 cxd4 11. exd4 Re8 12. Rfe1 Bf8 13. Rad1 Ne7 14.
Ne5 Ned5 15. Qf3 Qc7 16. c4 Ne7 17. Qh3 Ng6 18. Bxg6 hxg6 19. Ndf3 d6 20.
Nd3 Bxf3 21. Qxf3 d5 22. Ne5 Bd6 23. h3 Qe7 24. a4 Rc7 25. Qd3 Rec8 26. Rc1
Bb4 27. Re2 Qe8 28. Rec2 dxc4 29. Rxc4 Bd6 30. Rxc7 Rxc7 31. Rxc7 Bxc7 32.
Qc4 Nd5 33. Nc6 Qa8 34. Ba3 Qb7 35. Ne5 Nf4 36. Qc6 Qb8 37. Qe4 Bxe5 38.
dxe5 Nd5 39. Bb2 Qc7 40. g3 Qc5 41. Qc4 Qa5 42. Qh4 Qe1+ 43. Kg2 Ne3+ 44.
fxe3 Qe2+ 45. Kh1 Qf1+ 1/2-1/2

[Event "36th Olympiad w"]
[Site "Calvia ESP"]
[Date "2004.10.29"]
[Round "14"]
[White "Vajda,S"]
[Black "Bosboom Lanchava,T"]
[Result "1/2-1/2"]
[WhiteElo "2369"]
[BlackElo "2352"]
[EventDate "2004.10.15"]

1. e4 d6 2. Nc3 g6 3. d4 Bg7 4. Be3 c6 5. a4 a5 6. h3 Na6 7. g3 Nf6 8. Bg2
Nb4 9. Nge2 O-O 10. O-O e5 11. Qd2 Be6 12. b3 d5 13. exd5 Nfxd5 14. Nxd5
Bxd5 15. c3 exd4 16. Nxd4 Bxg2 17. Kxg2 Nd5 18. Rad1 Nxe3+ 19. Qxe3 Qd5+
20. Qf3 Rad8 21. c4 Qc5 22. Nc2 b5 23. Qe2 h6 24. axb5 cxb5 25. cxb5 Rb8
26. Rfe1 Rxb5 27. Rd3 Qb6 28. Qf3 Rf5 29. Qe2 Rc5 30. Ne3 Qc6+ 31. Kg1 Rb8
32. Red1 Qe6 33. Qg4 Qxg4 34. Nxg4 h5 35. Rd8+ Rxd8 36. Rxd8+ Kh7 37. Ne3
Rc3 38. Rd5 Rxb3 39. Rxa5 Bd4 40. Nf1 Rb2 41. Ne3 Rb1+ 42. Kg2 Rb2 43. Ra3
Bc5 44. Rc3 Bxe3 1/2-1/2

[Event "36th Olympiad w"]
[Site "Calvia ESP"]
[Date "2004.10.29"]
[Round "14"]
[White "Schuurman,P"]
[Black "Gara,A"]
[Result "1-0"]
[WhiteElo "2333"]
[BlackElo "2390"]
[EventDate "2004.10.15"]

1. d4 e6 2. c4 b6 3. a3 Bb7 4. d5 f5 5. Nc3 Nf6 6. g3 Na6 7. Bg2 Nc5 8. Nh3
Bd6 9. Bf4 e5 10. Be3 a5 11. O-O O-O 12. Rb1 Rb8 13. Nb5 Qe7 14. Nxd6 Qxd6
15. b4 axb4 16. axb4 Na6 17. Qb3 Kh8 18. Rfd1 Ng4 19. Bd2 h6 20. f3 Nf6 21.
f4 e4 22. Bc3 Qe7 23. Nf2 d6 24. e3 Qe8 25. Qb2 Rf7 26. Bf1 Rd8 27. Ra1 Nb8
28. Ra7 Bc8 29. Be2 Qf8 30. Qa1 Ne8 31. Bd4 Re7 32. Bh5 Kh7 33. Rd2 g6 34.
Bd1 Qf7 35. Bb3 c5 36. Rxe7 Qxe7 37. bxc5 bxc5 38. Bc3 Rd7 39. Ra2 Rb7 40.
Ba4 Bd7 41. Bc2 Qd8 42. Rb2 Qc8 43. Qb1 Rxb2 44. Qxb2 Na6 45. Qb6 Nac7 46.
Ba1 Ng7 47. Qxd6 Qa6 48. Qxa6 Nxa6 49. Be5 Ne8 50. g4 Nb4 51. Bd1 Kg8 52.
h4 Kf7 53. h5 gxh5 54. gxf5 Bxf5 55. Bxh5+ Ke7 56. Bg4 Bxg4 57. Nxg4 Nc2
58. f5 h5 59. f6+ Nxf6 60. Nxf6 Nxe3 61. Nxe4 Nxc4 62. Bf4 Nb6 63. d6+ Kd7
64. Nxc5+ Kc6 65. Ne4 Kd5 66. Nc3+ Kc6 67. Kg2 Nc4 68. Ne4 Nxd6 69. Nxd6
Kd7 70. Kf3 Ke6 71. Ke4 Kf6 72. Nf5 Ke6 73. Ng7+ Kd7 74. Kd5 h4 75. Ne6 h3
76. Bd6 Ke8 77. Ng5 h2 78. Bxh2 Kd7 79. Bd6 Kc8 80. Kc6 Kd8 81. Be5 Kc8 82.
Bd4 Kb8 83. Ne6 Ka8 84. Nc7+ Kb8 85. Be3 Kc8 86. Ba7 Kd8 87. Nd5 Kc8 88.
Ne7+ Kd8 89. Kd6 Ke8 90. Ke6 Kd8 91. Bb6+ Ke8 92. Nf5 Kf8 93. Ba5 Ke8 94.
Ng7+ Kf8 95. Kf6 Kg8 96. Kg6 Kf8 97. Bb4+ Kg8 98. Nf5 Kh8 99. Ba3 Kg8 100.
Nh6+ 1-0

[Event "36th Olympiad w"]
[Site "Calvia ESP"]
[Date "2004.10.29"]
[Round "14"]
[White "Calzetta,M"]
[Black "Vega Gutierrez,S"]
[Result "0-1"]
[WhiteElo "2311"]
[BlackElo "2225"]
[EventDate "2004.10.15"]

1. e4 c5 2. Nf3 e6 3. d4 cxd4 4. Nxd4 Nf6 5. Nc3 Nc6 6. Ndb5 d6 7. Bf4 e5
8. Bg5 a6 9. Na3 b5 10. Nd5 Be7 11. Bxf6 Bxf6 12. c3 Ne7 13. Nxe7 Bxe7 14.
Nc2 Bb7 15. a4 O-O 16. axb5 axb5 17. Bd3 Rxa1 18. Qxa1 d5 19. O-O dxe4 20.
Bxb5 Qb6 21. c4 Ra8 22. Qb1 f5 23. b4 f4 24. Qb3 Kh8 25. Rd1 Bh4 26. Rf1 e3
27. Bd7 e2 0-1

[Event "36th Olympiad w"]
[Site "Calvia ESP"]
[Date "2004.10.29"]
[Round "14"]
[White "Llaneza Vega,P"]
[Black "Hernandez,Yu"]
[Result "0-1"]
[WhiteElo "2181"]
[BlackElo "2201"]
[EventDate "2004.10.15"]

1. e4 e5 2. Nf3 Nf6 3. Nxe5 d6 4. Nf3 Nxe4 5. Nc3 Nxc3 6. dxc3 Be7 7. Bf4
O-O 8. Qd2 Nd7 9. O-O-O Nc5 10. Be3 Bg4 11. Be2 Re8 12. Kb1 Bf6 13. h3 Ne4
14. Qc1 Bd7 15. Bd3 b5 16. Rde1 a5 17. Bxe4 Rxe4 18. g4 Bc6 19. g5 Be5 20.
Nd4 Bxd4 21. Bxd4 Qd7 22. Rxe4 Bxe4 23. Re1 Qf5 24. Qe3 Bxc2+ 25. Kc1 Rf8
26. Qd2 Bb1 27. b3 Be4 28. Qe3 Bd5 29. Qg3 a4 30. Kb2 axb3 31. axb3 Be6 32.
Qg2 c5 33. Be3 b4 34. Rc1 bxc3+ 35. Rxc3 Bd5 36. Qg3 Qe6 37. Bf4 Qe2+ 38.
Rc2 Qa6 39. Rd2 Bc6 40. Qd3 c4 41. Qxc4 Bb5 42. Qd4 Ra8 43. Kc2 Rc8+ 44.
Kb2 Qc6 45. Rd1 Qc2+ 46. Ka3 Bc4 47. bxc4 Ra8+ 0-1

[Event "36th Olympiad w"]
[Site "Calvia ESP"]
[Date "2004.10.29"]
[Round "14"]
[White "Gonzalez Perez,L"]
[Black "Trujillo Delgado,D"]
[Result "1/2-1/2"]
[WhiteElo "2152"]
[BlackElo "2155"]
[EventDate "2004.10.15"]

1. d4 Nf6 2. Nf3 g6 3. g3 Bg7 4. Bg2 c5 5. c3 cxd4 6. cxd4 O-O 7. O-O d6 8.
Nc3 Nc6 9. h3 Bf5 10. Be3 Ne4 11. Rc1 Nxc3 12. bxc3 d5 13. g4 Be4 14. Bf4
Rc8 15. Nd2 Bxg2 16. Kxg2 f5 17. e3 e5 18. Bh2 fxg4 19. hxg4 Rf7 20. f4
exf4 21. exf4 Qd7 22. Qf3 Rcf8 23. Qh3 Nd8 24. Nf3 Ne6 25. Ne5 Bxe5 26.
fxe5 Ng5 27. Qh4 Ne4 28. Bg3 Qb5 29. Rxf7 Rxf7 30. Re1 Qb2+ 31. Kh3 g5 32.
Qh6 Qxc3 33. Rxe4 dxe4 34. Qxg5+ Kf8 35. e6 Rf3 36. Qd8+ Kg7 37. Qg5+ Kf8
38. Qd8+ Kg7 1/2-1/2

[Event "36th Olympiad w"]
[Site "Calvia ESP"]
[Date "2004.10.29"]
[Round "14"]
[White "Houska,Jo"]
[Black "Vijayalakshmi,S"]
[Result "1/2-1/2"]
[WhiteElo "2298"]
[BlackElo "2411"]
[EventDate "2004.10.15"]

1. e4 e5 2. Nf3 Nc6 3. Bc4 Bc5 4. c3 Nf6 5. d3 d6 6. Nbd2 a6 7. Bb3 Ba7 8.
Nf1 Ne7 9. Ng3 Ng6 10. O-O h6 11. h3 Nh7 12. d4 O-O 13. Be3 Qf6 14. Nh5 Qe7
15. Qd2 Nf6 16. Ng3 Be6 17. Nf5 Qd7 18. Qc2 d5 19. Ng3 Nxe4 20. Nxe4 dxe4
21. Bxe6 Qxe6 22. Qxe4 f5 23. Qxb7 e4 24. d5 Qf6 25. Bd4 Qd8 26. Ne5 Bxd4
27. cxd4 Nf4 28. Kh2 Nxd5 29. Rac1 Rb8 30. Qxa6 Rxb2 31. Qe6+ Kh7 32. Qg6+
Kg8 33. Qe6+ Kh7 34. Qg6+ Kg8 35. Qe6+ 1/2-1/2

[Event "36th Olympiad w"]
[Site "Calvia ESP"]
[Date "2004.10.29"]
[Round "14"]
[White "Radziewicz,I"]
[Black "Foisor,C"]
[Result "1-0"]
[WhiteElo "2449"]
[BlackElo "2436"]
[EventDate "2004.10.15"]

1. e4 g6 2. d4 Bg7 3. c4 d6 4. Nc3 e5 5. Nf3 Nc6 6. d5 Nce7 7. Be2 f5 8.
exf5 gxf5 9. Ng5 Ng6 10. h4 h6 11. Ne6 Bxe6 12. dxe6 N8e7 13. Bh5 c6 14. g4
O-O 15. g5 Nf4 16. Bf7+ Kh7 17. gxh6 Bxh6 18. Bxf4 exf4 19. Qh5 Qa5 20.
O-O-O Qe5 21. Rhg1 Qf6 22. Rxd6 Rad8 23. c5 b6 24. Rgd1 f3+ 25. Kc2 Rb8 26.
Rd7 Rxf7 27. Qxf7+ Qxf7 28. exf7 Bf8 29. Re1 Kg7 30. Rexe7 1-0

[Event "36th Olympiad w"]
[Site "Calvia ESP"]
[Date "2004.10.29"]
[Round "14"]
[White "Peptan,C"]
[Black "Dworakowska,J"]
[Result "1-0"]
[WhiteElo "2429"]
[BlackElo "2393"]
[EventDate "2004.10.15"]

1. e4 c5 2. c3 d5 3. exd5 Qxd5 4. d4 Nf6 5. Nf3 e6 6. Bd3 cxd4 7. cxd4 Nc6
8. Nc3 Qd6 9. O-O Be7 10. Nb5 Qd8 11. Bf4 Nd5 12. Bg3 a6 13. Nc3 O-O 14.
Rc1 Re8 15. Re1 Nxc3 16. bxc3 Bf6 17. Qe2 g6 18. Nd2 Be7 19. Qf3 Rf8 20.
Rb1 Qa5 21. Bc4 Nxd4 22. cxd4 Qxd2 23. d5 f5 24. Red1 Qg5 25. Bf4 Qf6 26.
d6 Bd8 27. d7 g5 28. Bxg5 1-0

[Event "36th Olympiad w"]
[Site "Calvia ESP"]
[Date "2004.10.29"]
[Round "14"]
[White "Zielinska,Mar"]
[Black "Motoc,A"]
[Result "1-0"]
[WhiteElo "2395"]
[BlackElo "2359"]
[EventDate "2004.10.15"]

1. b3 d5 2. Bb2 c5 3. e3 a6 4. f4 Nc6 5. Nf3 Nh6 6. Qe2 f6 7. d3 Nf7 8. g3
e5 9. Bg2 Be7 10. O-O O-O 11. Nfd2 Nb4 12. Rc1 d4 13. Nf1 exf4 14. exf4 Re8
15. a3 Bd6 16. Qf2 Nc6 17. Nbd2 Bg4 18. Re1 Qd7 19. Rxe8+ Rxe8 20. Re1 Rc8
21. Ne4 b5 22. Qd2 Be6 23. Qe2 Nfd8 24. Qh5 Nf7 25. Nxd6 Qxd6 26. Rxe6 Qxe6
27. Bh3 Qe8 28. Bxc8 Qxc8 29. Qxc5 Qd7 30. a4 b4 31. Nd2 Qe6 32. Bxd4 Nh6
33. Bf2 Ng4 34. Qc4 Qxc4 35. bxc4 Nxf2 36. Kxf2 Nd4 37. Nb3 Nxc2 38. Ke2
Na3 39. Kd2 Kf7 40. Nc5 Nb1+ 41. Kc2 Nc3 42. a5 Ne2 43. Kb3 Nd4+ 44. Kxb4
Nc6+ 45. Ka4 Nb8 46. Nxa6 Nxa6 47. Kb5 1-0

[Event "36th Olympiad w"]
[Site "Calvia ESP"]
[Date "2004.10.29"]
[Round "14"]
[White "Maric,A"]
[Black "Ciuksyte,D"]
[Result "1/2-1/2"]
[WhiteElo "2418"]
[BlackElo "2361"]
[EventDate "2004.10.15"]

1. d4 Nf6 2. Nf3 e6 3. e3 c5 4. c4 cxd4 5. exd4 d5 6. Nc3 Be7 7. cxd5 Nxd5
8. Bd3 Nc6 9. O-O O-O 10. Re1 Nf6 11. a3 b6 12. Bg5 Bb7 13. Bc2 Rc8 14. Qd3
g6 15. Rad1 Nd5 16. Bh6 Re8 17. Ba4 a6 18. Nxd5 Qxd5 19. Bb3 Qh5 20. Qe3
Na5 21. Bf4 Bxf3 22. gxf3 Nxb3 23. Qxb3 Qf5 24. Bg3 Bf6 25. Qxb6 h5 26. h4
Qxf3 27. Qxa6 Rc2 28. Qd3 Qxd3 29. Rxd3 Rd8 30. Red1 Rxb2 31. d5 exd5 32.
Rxd5 Ra8 33. R1d3 Ra2 34. Rf3 Be7 35. Rd7 R2xa3 36. Rxa3 Bxa3 37. Be5 Bf8
38. Kg2 Re8 39. Bc3 Re4 40. Rd4 Re8 41. Rd7 Bg7 42. Bxg7 Kxg7 43. Kg3 Re4
44. f3 Re6 45. Ra7 Kf6 46. Kf4 Rb6 47. Ra4 Rb7 48. Ra6+ Kg7 49. Ra4 f6 50.
Rc4 Rb5 51. Rc7+ Kh6 52. Rc6 Rb4+ 53. Kg3 Kg7 54. Rc7+ Kf8 55. Ra7 g5 56.
hxg5 fxg5 57. Ra5 g4 1/2-1/2

[Event "36th Olympiad w"]
[Site "Calvia ESP"]
[Date "2004.10.29"]
[Round "14"]
[White "Batyte,D"]
[Black "Bojkovic,N"]
[Result "0-1"]
[WhiteElo "2130"]
[BlackElo "2398"]
[EventDate "2004.10.15"]

1. e4 c5 2. Nf3 e6 3. c3 Nf6 4. e5 Nd5 5. d4 cxd4 6. cxd4 d6 7. a3 Bd7 8.
Bd3 Bc6 9. O-O Nd7 10. Re1 Be7 11. Qe2 Rc8 12. Bd2 dxe5 13. Nxe5 Nxe5 14.
dxe5 Qb6 15. Nc3 Nxc3 16. Bxc3 g6 17. Rad1 O-O 18. Qg4 Rfd8 19. h4 Bb5 20.
Be4 Bc6 21. Bb1 h5 22. Qf4 Rxd1 23. Rxd1 Rd8 24. Rc1 Qb3 25. Bc2 Qd5 26. f3
Qc5+ 27. Kh2 Qf2 28. Be1 Qe2 29. Bc3 a6 30. Qg3 Kg7 31. f4 Bxh4 32. Qh3 Bf2
33. a4 h4 34. Ba5 Bg3+ 35. Kh1 Qxc2 36. Rf1 Rd1 0-1

[Event "36th Olympiad w"]
[Site "Calvia ESP"]
[Date "2004.10.29"]
[Round "14"]
[White "Benderac,A"]
[Black "Ivoskaite,D"]
[Result "0-1"]
[WhiteElo "2299"]
[BlackElo "2043"]
[EventDate "2004.10.15"]

1. d4 Nf6 2. Nf3 g6 3. e3 Bg7 4. c4 O-O 5. Nc3 d5 6. b4 c6 7. Qb3 Ne4 8.
Nxe4 dxe4 9. Nd2 f5 10. Bb2 Nd7 11. f4 exf3 12. Nxf3 a5 13. a3 axb4 14.
axb4 Rxa1+ 15. Bxa1 c5 16. Bc3 b6 17. Be2 Qc7 18. O-O Nf6 19. dxc5 bxc5 20.
b5 Bb7 21. Ng5 Qb6 22. Bf3 Bxf3 23. Nxf3 Ne4 24. Bxg7 Kxg7 25. Qb2+ Kg8 26.
Nd2 Qe6 27. Nxe4 Qxe4 28. Qc3 Rd8 29. Kf2 Rd3 30. Qc1 Rb3 31. Rd1 Rb4 32.
Qd2 Qxc4 33. Rc1 Qh4+ 34. Kf1 Rxb5 35. Qd5+ Kg7 36. g3 Qe4 37. Qxe4 fxe4
38. Rc4 Kf6 39. Rxe4 Rb4 0-1

[Event "36th Olympiad w"]
[Site "Calvia ESP"]
[Date "2004.10.29"]
[Round "14"]
[White "Stefanova,A"]
[Black "Cramling,P"]
[Result "1/2-1/2"]
[WhiteElo "2523"]
[BlackElo "2477"]
[EventDate "2004.10.15"]

1. e4 c5 2. Nf3 e6 3. d4 cxd4 4. Nxd4 a6 5. Nc3 Qc7 6. Bd3 Bc5 7. Nb3 Be7
8. Qg4 g6 9. Qe2 d6 10. O-O Nd7 11. f4 Ngf6 12. Bd2 b6 13. Rae1 Bb7 14. e5
Nh5 15. f5 dxe5 16. fxe6 fxe6 17. Qg4 Nhf6 18. Qxe6 Qc6 19. Qxc6 Bxc6 20.
Ne4 Nxe4 21. Bxe4 Bxe4 22. Rxe4 Rf8 23. Rxf8+ Kxf8 24. Bc3 Rc8 25. Nc1 Kf7
26. Nd3 Bd6 27. g3 Ke6 28. Re2 Kf5 29. Rf2+ Ke6 30. Re2 Kf5 31. Rf2+ Ke6
1/2-1/2

[Event "36th Olympiad w"]
[Site "Calvia ESP"]
[Date "2004.10.29"]
[Round "14"]
[White "Djingarova,E"]
[Black "Johansson,V"]
[Result "1-0"]
[WhiteElo "2327"]
[BlackElo "2189"]
[EventDate "2004.10.15"]

1. e4 c5 2. Nf3 Nc6 3. Bb5 g6 4. c3 Nf6 5. Qe2 Bg7 6. O-O O-O 7. Rd1 d5 8.
e5 Ne8 9. Bxc6 bxc6 10. h3 c4 11. b3 cxb3 12. axb3 Nc7 13. d3 Ne6 14. b4 h6
15. Nbd2 Nf4 16. Qe3 g5 17. Nb3 Qc7 18. Nbd4 f5 19. h4 Nxg2 20. Kxg2 f4 21.
Qe1 g4 22. Ng1 f3+ 23. Kf1 Bxe5 24. Bxh6 Bxd4 25. cxd4 Qh2 26. Qe3 Qg2+ 27.
Ke1 Rf6 28. Kd2 Kf7 29. Re1 Re6 30. Qf4+ Rf6 31. Qg5 Qxf2+ 32. Kc3 Be6 33.
Qg7+ Ke8 34. Qh8+ Kf7 35. Qh7+ Ke8 36. Bg5 c5 37. Bxf6 cxd4+ 38. Kb3 1-0

[Event "36th Olympiad w"]
[Site "Calvia ESP"]
[Date "2004.10.29"]
[Round "14"]
[White "Danielian,E"]
[Black "Mamedjarova,Z"]
[Result "0-1"]
[WhiteElo "2437"]
[BlackElo "2349"]
[EventDate "2004.10.15"]

1. d4 Nf6 2. Nf3 g6 3. c4 Bg7 4. Nc3 O-O 5. Bg5 c5 6. d5 d6 7. e3 Na6 8.
Be2 Nc7 9. O-O a6 10. a4 Bd7 11. e4 Rb8 12. e5 Nfe8 13. Ne4 f6 14. exf6
Nxf6 15. Nxf6+ exf6 16. Bf4 Be8 17. Qd2 g5 18. Bg3 g4 19. Ne1 f5 20. f3 b5
21. axb5 axb5 22. fxg4 bxc4 23. Ra2 Rxb2 24. Rxb2 c3 25. Qc2 cxb2 26. gxf5
Ba4 27. Qb1 Qe7 28. Bd3 Bb3 29. Nf3 Nxd5 30. Re1 Qa7 31. Bxd6 c4+ 32. Kh1
Nc3 33. Qxb2 Nd1 34. Qxg7+ Qxg7 35. Rxd1 Rd8 36. Be2 Qd7 37. Ne5 Qxf5 38.
Rf1 Qxf1+ 39. Bxf1 Rxd6 40. Nxc4 Rd1 41. Ne3 Re1 0-1

[Event "36th Olympiad w"]
[Site "Calvia ESP"]
[Date "2004.10.29"]
[Round "14"]
[White "Velikhanli,F"]
[Black "Mkrtchian,L"]
[Result "0-1"]
[WhiteElo "2322"]
[BlackElo "2374"]
[EventDate "2004.10.15"]

1. e4 e5 2. Nf3 Nc6 3. Bb5 a6 4. Ba4 Nf6 5. O-O Be7 6. d4 exd4 7. e5 Ne4 8.
Nxd4 Nxd4 9. Qxd4 Nc5 10. Nc3 O-O 11. Bg5 Bxg5 12. Qxc5 Be7 13. Qe3 d5 14.
exd6 Bxd6 15. Rad1 b5 16. Bb3 Bb7 17. Rfe1 Re8 18. Qxe8+ Qxe8 19. Rxe8+
Rxe8 20. Kf1 Re5 21. Nd5 Kf8 22. Ne3 f5 23. Bd5 Bxd5 24. Nxd5 Kf7 25. c3 a5
26. Rd3 a4 27. a3 Ke6 28. Nf4+ Kd7 29. Ne2 c5 30. Ke1 Kc6 31. Rh3 h6 32.
Kd2 Re6 33. Rf3 g6 34. h4 Re5 35. Rh3 Re4 36. f3 Re6 37. f4 Be7 38. h5 g5
39. Re3 Rxe3 40. Kxe3 Kd5 41. fxg5 Bxg5+ 42. Kd3 c4+ 43. Kc2 Be3 44. Ng3
Ke5 45. Ne2 f4 46. Kd1 Kf5 47. g3 f3 48. Nd4+ Kg4 49. Nxb5 Kxg3 50. Nd6 f2
51. Nf5+ Kf3 52. Nh4+ Kg4 0-1